[Event "FRA-ch Youth U16 2018"]
[Site "Agen"]
[Date "2018.04.16"]
[Round "3"]
[White "Vlachos, Anatole"]
[Black "Baroyan, Davit"]
[Result "1-0"]
[WhiteElo "2346"]
[BlackElo "2051"]
[Annotator "TA"]
[PlyCount "65"]
[EventDate "2018.??.??"]
[EventType "swiss"]
[EventCountry "FRA"]
[SourceTitle "playchess.com"]
[Source "ChessBase"]
[SourceQuality "1"]

{[%evp 21,65,50,44,44,55,57,49,54,54,54,50,0,0,0,0,-35,-27,-16,-16,-16,-25,-64,-45,-98,0,0,0,-22,0,0,0,-218,0,0,0,0,0,0,192,61,887,875,5202,5202,5110,5089]} 1. Nf3 Nf6 2. g3 g6 3. Bg2 Bg7 4. O-O O-O 5. d3 d6 6. c4 e5 7. Nc3 Re8 8. Rb1 Nc6 9. b4 {[%cal Bb2b4,Bb4b5][%mdl 32]} e4 10. dxe4 Nxe4 11. Nxe4 Rxe4 12. b5 {A26: English Opening vs King's Indian with ...Nc6 and d3} Nd4 13. Bg5 $146 ({Find the theoretical novelty and annotate with similar games:} 13. Nxd4 Rxd4 14. Qb3 Be6 15. Bd5 Bxd5 16. cxd5 Re4 17. e3 Qd7 18. Bb2 Bxb2 19. Rxb2 Rae8 {½-½ (41) Srienz,C (2214)-Vajda,L (2564) Austria 2008}) 13... Qe8 14. Nxd4 {White is slightly better.} Rxd4 15. Qb3 Bf5 $1 {[%cal Rf5b1]} 16. e4 Bxe4 17. Rbe1 {Hoping for Qe3.} Qe5 $36 {[%mdl 2048] Black is pushing.} 18. Bc1 {[#] And now f3 would win.} Bxg2 $1 {[%mdl 512]} 19. Rxe5 (19. Kxg2 Qf5) 19... Bxf1 20. Re7 Bxc4 21. Qf3 Rd3 22. Be3 {[#]} Bd5 ({Much weaker is} 22... Bxa2 23. Qe2 $11) (22... c5 $1 $17 23. bxc6 bxc6) 23. Qe2 $11 Ra3 $1 {[%cal Ra3a2]} 24. Bf4 {Intending Re8+ and mate.} Rxa2 25. Re8+ Rxe8 26. Qxe8+ Bf8 {[#] ( -> ...Ra1+)} 27. f3 $1 {[%mdl 512] Threatening mate with Bh6.} Kg7 {[#]} ({Not} 27... Bxf3 28. Bh6 Ra1+ 29. Kf2 Ra2+ 30. Kxf3 Ra3+ 31. Kg2 Ra2+ 32. Kh3 Rxh2+ 33. Kxh2 Kh8 34. Qxf8#) 28. Bh6+ $1 {[%mdl 512]} Kxh6 29. Qxf8+ Kh5 $2 {[#]} (29... Kg5 $1 $11 {and Black is okay.}) 30. Qe7 (30. Qg7 $1 $18) 30... g5 $2 {[%mdl 8192]} (30... Ra1+ $14 31. Kf2 Ra2+ 32. Ke3 g5) 31. Qf6 $18 {White wants to mate with g4+.White is clearly winning.} Be6 32. g4+ Bxg4 33. Qxf7+ {Precision: White = 58%, Black = 46%.} 1-0

[Event "FRA-ch Youth U16 2018"]
[Site "Agen"]
[Date "2018.04.16"]
[Round "3"]
[White "Harutyunyan, Ruben"]
[Black "Gely, Yann"]
[Result "1-0"]
[WhiteElo "2305"]
[BlackElo "2044"]
[Annotator "TA"]
[PlyCount "103"]
[EventDate "2018.??.??"]
[EventType "swiss"]
[EventCountry "FRA"]
[SourceTitle "playchess.com"]
[Source "ChessBase"]
[SourceQuality "1"]

{[%evp 9,103,14,15,9,8,5,11,10,19,3,2,8,31,32,33,27,31,7,7,7,7,7,7,7,7,6,7,4,0,-6,14,16,27,0,17,9,44,24,24,25,24,23,25,13,18,6,24,22,32,-3,19,17,18,18,19,13,60,16,60,62,55,55,57,47,55,55,64,80,104,110,109,68,72,89,164,149,225,200,415,410,755,755,1037,982,1018,984,1339,954,29979,29980,29980,29981,29981,29981,29989,29990]} 1. e4 c5 2. Nc3 Nc6 3. Bb5 Nf6 4. Bxc6 (4. Nf3 g6 5. h3 Bg7 6. e5 Ng8 7. Bxc6 dxc6 8. a4 Nh6 9. a5 Nf5 10. O-O O-O 11. d3 Nd4 12. Re1 Be6 13. Be3 {0-1 (79) Jobava,B (2710)-Reinderman,D (2593) Wijk aan Zee 2014}) 4... dxc6 5. d3 Qc7 6. Be3 {B23: Closed Sicilian: Lines without g3} e5 7. h3 Bd6 $146 ({Predecessor:} 7... Be6 8. Nge2 c4 9. f4 cxd3 10. cxd3 Rd8 11. f5 Bc4 {0-1 (29) Soler di Benedetto,S-Castillo Martinez,A (2126) Spain 2004}) 8. Nf3 {The position is equal.} Nd7 9. Nd2 Nf8 10. Nc4 Be6 (10... Be7 {with more complications.} 11. O-O Ng6 12. b3 O-O 13. a4 Be6) 11. Nxd6+ Qxd6 12. b3 f6 13. Na4 {[%cal Bc3a4,Ba4b2,Bb2c4][%mdl 32]} b6 14. Nb2 Bf7 15. Nc4 Qc7 16. Bd2 Ne6 17. a4 Nd4 18. O-O O-O 19. f4 exf4 20. Bxf4 Qd7 21. Qd2 Rad8 (21... Bxc4 $5 22. bxc4 Rae8 $11) 22. Rf2 b5 (22... Bxc4 $5 23. bxc4 f5 $11) 23. axb5 cxb5 24. Nd6 {Strongly threatening b4.} Qc6 25. Nxf7 Rxf7 26. Qa5 Rfd7 27. Qa6 Rc8 28. Be3 c4 29. Qxc6 (29. dxc4 {is interesting.} bxc4 30. bxc4 Ne6 31. e5 Rd1+ 32. Kh2) 29... Rxc6 30. dxc4 bxc4 31. Bxd4 Rxd4 32. Rxa7 $14 {[%mdl 4096] Endgame KRR-KRR} Re6 33. bxc4 Rdxe4 34. Rd2 {[#] aiming for Rdd7.} Re7 35. Rxe7 Rxe7 {KR-KR} 36. Rd3 Rc7 37. Rd4 Kf7 38. Kf2 f5 39. Ke3 Ke6 40. Kd3 g5 41. Rd5 h5 (41... Rf7 $16) 42. Kd4 $18 h4 {[#]} (42... g4 $16 43. c5 Rb7 44. Re5+ Kf6) 43. c5 $1 {[%cal Bc4c5,Bc5c6,Bc6c7][%mdl 32]} Rc6 $2 (43... g4 44. Rd6+ Ke7) 44. Re5+ Kf6 (44... Kd7 $142 45. Rxf5 Rg6) 45. Re2 g4 46. Kd5 Rc8 47. c6 Rd8+ 48. Kc5 g3 49. c7 {White mates.} Rg8 50. Re3 f4 51. Rd3 Ke5 52. Rd8 {Precision: White = 69%, Black = 37%.} 1-0

[Event "FRA-ch Youth U16 2018"]
[Site "Agen"]
[Date "2018.04.16"]
[Round "3"]
[White "Degraeve, Remy"]
[Black "Lepoittevin, Thomas"]
[Result "1/2-1/2"]
[WhiteElo "2294"]
[BlackElo "1789"]
[Annotator "NA RC"]
[PlyCount "78"]
[EventDate "2018.??.??"]
[EventType "swiss"]
[EventCountry "FRA"]
[SourceTitle "playchess.com"]
[Source "ChessBase"]
[SourceQuality "1"]
[TimeControl "5400+30"]

1. e4 {[%emt 0:00:00]} c5 {[%emt 0:00:27]} 2. Nc3 {[%emt 0:00:00]} a6 {[%emt 0:00:10]} 3. g3 {[%emt 0:00:01]} b5 {[%emt 0:00:08]} 4. a4 {[%emt 0:00:18] B23: Closed Sicilian: Lines without g3} (4. Bg2 Bb7 5. d3 e6 6. f4 Nf6 7. Nf3 d6 8. O-O Be7 9. a4 b4 10. Ne2 c4 11. b3 cxd3 12. cxd3 O-O 13. h3 Nc6 14. g4 Nd7 15. g5 {1-0 (51) Duda,J (2717)-Fedorchuk,S (2648) Katowice 2017}) 4... b4 {[%emt 0:00:49]} 5. Nd5 {[%emt 0:00:03]} e6 {[%emt 0:00:44]} 6. Ne3 {[%emt 0:00:04]} Bb7 {[%emt 0:01:37]} 7. Bg2 {[%emt 0:01:32]} Nf6 {[%emt 0:01:11]} 8. d3 {[%emt 0:00:22]} d5 {[%emt 0:01:32] LiveBook: 5 Games} 9. exd5 {[%emt 0:02:41]} Nxd5 {[%emt 0:02:26]} 10. Nc4 {[%emt 0:00:06]} Nd7 $146 {[%emt 0:04:37]} ({Reject Predecessor:} 10... Nc3 $6 11. Bxb7 Nxd1 12. Bxa8 $16 Nxf2 13. Kxf2 {1-0 (55) Longa Yauca,J (2290)-Bartolome Martin,A (1842) Madrid 2016}) 11. Nf3 {[%emt 0:00:23]} a5 {[%emt 0:01:31]} 12. O-O {[%emt 0:00:19]} N5b6 {[%emt 0:01:50]} 13. Nfd2 {[%emt 0:03:01]} Bxg2 {[%emt 0:00:59]} 14. Kxg2 {[%emt 0:00:02]} Be7 {[%emt 0:01:29]} 15. Qf3 {[%emt 0:02:07]} O-O {[%emt 0:03:41]} 16. Re1 {[%emt 0:01:51]} Bg5 {[%emt 0:01:11]} 17. h4 {[%emt 0:01:04]} Nxc4 {[%emt 0:01:24]} (17... Be7 $11) 18. hxg5 {[%emt 0:00:17]} Nd6 {[%emt 0:02:21]} 19. Qh5 {[%emt 0:06:14]} Re8 {[%emt 0:00:32]} 20. Rh1 {[%emt 0:02:01]} Nf8 {[%emt 0:00:17]} 21. Nf3 {[%emt 0:01:16]} e5 {[%emt 0:04:51]} 22. b3 {[%emt 0:07:19]} e4 {[%emt 0:02:40]} 23. dxe4 {[%emt 0:00:13]} Nxe4 {[%emt 0:03:23]} 24. Bb2 {[%emt 0:00:24]} Ra7 {[%emt 0:02:41]} 25. Rad1 {[%emt 0:01:45]} Qb6 {[%emt 0:00:28]} 26. Ne5 {[%emt 0:03:46]} Rae7 {[%emt 0:05:00]} 27. Nc4 {[%emt 0:04:19]} Qb7 {[%emt 0:09:22]} 28. f3 {[%emt 0:24:01]} Nc3 {[%emt 0:00:31]} 29. Bxc3 {[%emt 0:01:37]} Re2+ $17 {[%emt 0:01:16]} 30. Kf1 {[%emt 0:02:02]} bxc3 {[%emt 0:00:16]} 31. Nd6 {[%emt 0:05:48]} Rd2 {[%emt 0:00:40]} 32. Rxd2 {[%emt 0:10:02]} cxd2 {[%emt 0:00:17]} 33. Kf2 {[%emt 0:00:12]} Qd5 {[%emt 0:01:42]} 34. Nxe8 {[%emt 0:02:03]} d1=Q {[%emt 0:00:12]} 35. Rxd1 {[%emt 0:00:25]} Qxd1 {[%emt 0:00:08]} 36. Nc7 {[%emt 0:07:43]} Qxc2+ {[%emt 0:00:34]} 37. Kg1 {[%emt 0:00:58]} Qd1+ {[%emt 0:00:20]} 38. Kg2 {[%emt 0:00:32]} Qd2+ {[%emt 0:00:06]} 39. Kg1 {[%emt 0:00:46]} Qd1+ {[%emt 0:00:07]} 1/2-1/2

[Event "FRA-ch Youth U16 2018"]
[Site "Agen"]
[Date "2018.04.16"]
[Round "3"]
[White "Englisch, Colya"]
[Black "Travadon, Loic"]
[Result "1-0"]
[WhiteElo "2049"]
[BlackElo "2344"]
[Annotator "TA"]
[PlyCount "57"]
[EventDate "2018.??.??"]
[EventType "swiss"]
[EventCountry "FRA"]
[SourceTitle "playchess.com"]
[Source "ChessBase"]
[SourceQuality "1"]

{[%evp 20,57,-26,-32,16,10,0,0,118,108,120,61,258,249,252,251,735,721,655,404,321,287,270,262,278,281,254,267,759,776,887,895,887,837,857,842,842,843,1816,1688]} 1. d4 Nf6 2. Nf3 c5 3. g3 cxd4 4. Nxd4 d5 5. Bg2 e5 6. Nb3 Nc6 7. O-O Be6 8. Bg5 Be7 9. Nc3 d4 {A43: Schmid Benoni} 10. Bxf6 gxf6 11. Na4 {LiveBook: 77 Games} Qc7 $146 {Black is slightly better.} ({Find the theoretical novelty and annotate with similar games:} 11... Bd5 12. e4 Bc4 13. Re1 Bxb3 14. cxb3 b5 15. Nc5 Bxc5 16. Qc2 d3 17. Qxc5 Nd4 18. Red1 Rc8 19. Qd5 Qb6 20. b4 Ke7 21. Bh3 Rhd8 22. Bxc8 Rxd5 23. exd5 e4 {0-1 (23) Venkatesh,M (2499)-Sumets,A (2569) Visakhapatnam 2011}) 12. Nac5 O-O-O 13. Qd3 a6 {[#]} (13... Bxc5 $11 {keeps the balance.} 14. Nxc5 f5) 14. c3 $1 $16 Kb8 15. Rfc1 ({Better is} 15. Rac1 $16) 15... Bxb3 $2 {[#]} (15... Qb6 $14 16. Nxe6 fxe6) 16. Nxa6+ $1 $18 {[%mdl 512]} bxa6 17. axb3 Rc8 $2 (17... Qb7 18. Qc4 Rd6) 18. Rxa6 {Qb5+ would kill now.} Qb7 19. Rca1 Rhd8 {intending ...dxc3.} 20. Ra8+ Kc7 {[#]} 21. R8a7 $1 {[%mdl 512]} Qxa7 22. Rxa7+ Nxa7 23. Qa6 Bc5 $2 (23... Kd7 24. Qxa7+ Ke8) 24. b4 {[%cal Bb3b4,Bb4c5][%mdl 32] White is clearly winning.} dxc3 25. Qb7+ ({And not} 25. bxc5 Rd1+ 26. Bf1 c2 $11) 25... Kd6 26. bxc5+ Ke6 27. Bh3+ f5 28. bxc3 Nc6 {[#]} 29. Bxf5+ $1 {[%mdl 512] Precision: White = 78%, Black = 15%.} 1-0

[Event "FRA-ch Youth U16 2018"]
[Site "Agen"]
[Date "2018.04.16"]
[Round "3"]
[White "Aubert, Estee"]
[Black "David, Irene"]
[Result "1/2-1/2"]
[WhiteElo "1892"]
[BlackElo "1668"]
[Annotator "NA RC"]
[PlyCount "62"]
[EventDate "2018.??.??"]
[EventType "swiss"]
[EventCountry "FRA"]
[SourceTitle "playchess.com"]
[Source "ChessBase"]
[SourceQuality "1"]
[TimeControl "5400+30"]

1. Nf3 {[%emt 0:00:00]} Nc6 {[%emt 0:00:44]} 2. d4 {[%emt 0:00:00]} d5 {[%emt 0:00:18]} 3. g3 {[%emt 0:00:00]} g6 {[%emt 0:06:34]} 4. Bg2 {[%emt 0:00:19]} Bg7 {[%emt 0:00:14]} 5. O-O {[%emt 0:02:04]} Nf6 {[%emt 0:03:25]} 6. c4 $14 {[%emt 0:02:36] LiveBook: 9 Games} O-O {[%emt 0:08:13]} 7. cxd5 {[%emt 0:01:00]} Nxd5 {[%emt 0:03:20]} 8. e4 {[%emt 0:01:49]} Nb6 {[%emt 0:01:24]} 9. d5 {[%emt 0:01:16]} Ne5 {[%emt 0:05:55]} 10. Nc3 {[%emt 0:00:40]} e6 {[%emt 0:02:45]} 11. Bg5 {[%emt 0:02:41]} Nxf3+ {[%emt 0:00:36]} 12. Bxf3 {[%emt 0:01:24]} Qxg5 {[%emt 0:00:14]} 13. Qb3 {[%emt 0:01:11]} exd5 {[%emt 0:03:13]} 14. exd5 {[%emt 0:00:25]} Bg4 {[%emt 0:02:43]} 15. Bg2 {[%emt 0:01:18]} Rfe8 {[%emt 0:06:06]} 16. Rfe1 {[%emt 0:04:02]} Qd2 {[%emt 0:04:44]} 17. Ne4 {[%emt 0:11:21]} Qxb2 {[%emt 0:02:04]} 18. Qd3 {[%emt 0:00:48]} Qd4 {[%emt 0:07:30]} 19. Qb5 {[%emt 0:02:16]} Bd7 {[%emt 0:01:18]} 20. Qb3 {[%emt 0:00:39]} Qc4 {[%emt 0:00:35]} 21. Qxc4 {[%emt 0:00:40]} Nxc4 {[%emt 0:00:01]} 22. Rac1 {[%emt 0:00:07]} Nd6 {[%emt 0:10:16]} 23. Rxc7 {[%emt 0:01:33]} Bf5 {[%emt 0:03:41]} 24. f3 {[%emt 0:00:28]} Rac8 {[%emt 0:02:49]} 25. Rxc8 {[%emt 0:00:07]} Nxc8 {[%emt 0:00:02]} 26. Nf6+ {[%emt 0:01:20]} Bxf6 {[%emt 0:00:25]} 27. Rxe8+ {[%emt 0:00:05]} Kg7 {[%emt 0:02:13]} 28. Re1 {[%emt 0:02:57]} Nd6 {[%emt 0:00:34]} 29. Rc1 {[%emt 0:02:14]} Bd4+ {[%emt 0:01:44]} 30. Kh1 {[%emt 0:00:20]} Bb6 {[%emt 0:01:03]} 31. Bf1 {[%emt 0:01:09]} Kf6 {[%emt 0:01:21]} 1/2-1/2

[Event "FRA-ch Youth U16 2018"]
[Site "Agen"]
[Date "2018.04.16"]
[Round "3"]
[White "Bellahcene, Meriem"]
[Black "Rubsamen, Anais"]
[Result "1-0"]
[WhiteElo "1862"]
[BlackElo "1658"]
[Annotator "NA RC"]
[PlyCount "71"]
[EventDate "2018.??.??"]
[EventType "swiss"]
[EventCountry "FRA"]
[SourceTitle "playchess.com"]
[Source "ChessBase"]
[SourceQuality "1"]
[TimeControl "5400+30"]

1. e4 {[%emt 0:00:00]} g6 {[%emt 0:00:06]} 2. d4 {[%emt 0:00:00]} c6 {[%emt 0:00:26]} 3. Nc3 {[%emt 0:00:00]} d5 {[%emt 0:00:42]} 4. e5 {[%emt 0:00:11]} Bg7 {[%emt 0:00:07]} 5. f4 {[%emt 0:00:05]} Nh6 {[%emt 0:00:20]} 6. Nf3 {[%emt 0:00:25]} Bg4 {[%emt 0:00:21]} 7. h3 {[%emt 0:00:25]} Bxf3 {[%emt 0:00:06]} 8. Qxf3 {[%emt 0:00:05]} Nf5 {[%emt 0:01:42] [#]} 9. Be3 {[%emt 0:01:07]} (9. Ne2 $1 $16) 9... Qb6 {[%emt 0:01:41]} 10. O-O-O $14 {[%emt 0:09:37]} Na6 {[%emt 0:05:53]} 11. g4 {[%emt 0:03:17]} Nh6 {[%emt 0:04:28]} 12. f5 {[%emt 0:08:54]} O-O-O {[%emt 0:02:15]} 13. h4 {[%emt 0:08:24]} Kb8 {[%emt 0:05:53]} 14. h5 {[%emt 0:05:41]} gxf5 {[%emt 0:01:44]} 15. gxf5 {[%emt 0:00:25]} e6 {[%emt 0:00:50]} 16. Bh3 {[%emt 0:04:11]} Nxf5 {[%emt 0:09:22]} 17. Bxf5 {[%emt 0:00:13]} exf5 {[%emt 0:00:03]} 18. h6 {[%emt 0:01:48]} Bxe5 {[%emt 0:03:44]} 19. dxe5 {[%emt 0:01:04]} d4 {[%emt 0:00:07]} 20. Bf2 {[%emt 0:00:50]} c5 {[%emt 0:02:55]} 21. Ne2 {[%emt 0:02:55]} Qe6 {[%emt 0:01:47]} 22. Qb3 {[%emt 0:09:45]} c4 {[%emt 0:05:54]} 23. Qa3 {[%emt 0:01:08]} d3 {[%emt 0:01:15]} 24. cxd3 {[%emt 0:08:56]} cxd3 {[%emt 0:00:07]} 25. Nc3 {[%emt 0:00:24]} Qxe5 {[%emt 0:01:13]} 26. Qa4 {[%emt 0:11:10]} Nc5 {[%emt 0:11:26]} 27. Bxc5 {[%emt 0:02:06]} Qxc5 {[%emt 0:00:07]} 28. Qf4+ {[%emt 0:00:22]} Ka8 {[%emt 0:00:34]} 29. Rh3 {[%emt 0:02:28]} d2+ {[%emt 0:04:37]} 30. Rxd2 {[%emt 0:02:00]} Qg1+ {[%emt 0:04:50]} 31. Kc2 {[%emt 0:00:28]} Qg4 {[%emt 0:02:19]} 32. Rf3 {[%emt 0:03:04]} Rxd2+ {[%emt 0:00:51]} 33. Kxd2 {[%emt 0:00:04]} Rd8+ {[%emt 0:00:51]} 34. Kc2 {[%emt 0:00:20]} Qg6 {[%emt 0:03:50]} 35. Rf2 {[%emt 0:02:11]} a6 {[%emt 0:01:59]} 36. Kb1 {[%emt 0:04:02]} 1-0

[Event "FRA-ch Youth U16 2018"]
[Site "Agen"]
[Date "2018.04.16"]
[Round "3"]
[White "Diez, Ambre"]
[Black "Djidjeli, Sarah"]
[Result "1/2-1/2"]
[WhiteElo "1701"]
[BlackElo "1903"]
[Annotator "NA RC"]
[PlyCount "98"]
[EventDate "2018.??.??"]
[EventType "swiss"]
[EventCountry "FRA"]
[SourceTitle "playchess.com"]
[Source "ChessBase"]
[SourceQuality "1"]
[TimeControl "5400+30"]

1. e4 {[%emt 0:00:00]} c5 {[%emt 0:00:02]} 2. Nc3 {[%emt 0:00:00]} Nc6 {[%emt 0:00:07]} 3. g3 {[%emt 0:00:00]} g6 {[%emt 0:00:24]} 4. Bg2 {[%emt 0:00:02]} Bg7 {[%emt 0:00:03]} 5. Nge2 {[%emt 0:00:21]} e6 {[%emt 0:02:37]} 6. d3 {[%emt 0:00:23]} Nge7 {[%emt 0:00:19]} 7. Be3 {[%emt 0:01:52]} Nd4 {[%emt 0:00:36]} 8. O-O {[%emt 0:02:24]} O-O {[%emt 0:00:39]} 9. Rb1 {[%emt 0:01:54]} d6 {[%emt 0:03:29]} 10. f4 {[%emt 0:07:31]} Rb8 $11 {[%emt 0:01:41] LiveBook: 4 Games} 11. g4 {[%emt 0:06:54]} f5 {[%emt 0:04:30]} 12. h3 {[%emt 0:02:42]} b5 {[%emt 0:05:04]} 13. Ng3 {[%emt 0:01:38]} e5 {[%emt 0:19:47]} 14. gxf5 {[%emt 0:08:31]} gxf5 {[%emt 0:01:15]} 15. Nce2 {[%emt 0:00:15]} Nxe2+ {[%emt 0:02:00]} 16. Nxe2 {[%emt 0:00:44]} Ng6 {[%emt 0:01:37]} 17. Qe1 {[%emt 0:01:30]} Nh4 {[%emt 0:02:58]} 18. Qg3 {[%emt 0:06:09]} Nxg2 {[%emt 0:02:47]} 19. Qxg2 {[%emt 0:02:12]} Kh8 {[%emt 0:04:56]} 20. Kh2 {[%emt 0:08:32]} Qe7 {[%emt 0:08:13]} 21. Nc3 {[%emt 0:20:41]} Be6 {[%emt 0:05:42]} 22. fxe5 {[%emt 0:07:26]} Bxe5+ {[%emt 0:09:00]} 23. Bf4 {[%emt 0:00:42]} Rg8 {[%emt 0:03:19]} 24. Qd2 {[%emt 0:03:00]} Rbf8 {[%emt 0:06:35]} 25. Bxe5+ {[%emt 0:00:41]} dxe5 {[%emt 0:00:07]} 26. exf5 {[%emt 0:00:28]} Bxf5 {[%emt 0:00:56]} 27. Qe3 {[%emt 0:01:05]} Qe6 {[%emt 0:08:03]} 28. Rbe1 {[%emt 0:02:47]} Re8 {[%emt 0:01:22]} 29. Nxb5 {[%emt 0:07:11]} Qc6 {[%emt 0:01:58]} 30. Rf2 {[%emt 0:01:17]} Bc8 {[%emt 0:00:01]} 31. Nc3 {[%emt 0:00:52]} Rg6 {[%emt 0:00:25]} 32. Qe4 {[%emt 0:01:29]} Qd7 {[%emt 0:00:53]} 33. Qe3 {[%emt 0:01:03]} Qc6 {[%emt 0:03:14]} 34. Qe4 {[%emt 0:00:10]} Qe6 {[%emt 0:00:33]} 35. Re3 {[%emt 0:02:26]} Qe7 {[%emt 0:00:49]} 36. Rg2 {[%emt 0:01:24]} Rxg2+ {[%emt 0:01:33]} 37. Qxg2 {[%emt 0:00:07]} Bb7 {[%emt 0:00:04]} 38. Ne4 {[%emt 0:00:33]} Rg8 {[%emt 0:00:24]} 39. Rg3 {[%emt 0:00:07]} Rf8 {[%emt 0:00:44]} 40. Rf3 {[%emt 0:00:28]} Rd8 {[%emt 0:00:28]} 41. Qf2 {[%emt 0:00:23]} Bd5 {[%emt 0:00:26]} 42. c4 Bxe4 {[%emt 0:00:58]} 43. dxe4 {[%emt 0:00:27]} Rg8 {[%emt 0:00:40]} 44. Rf7 {[%emt 0:00:19]} Qg5 {[%emt 0:00:25]} 45. Qf6+ {[%emt 0:00:10]} Qxf6 {[%emt 0:00:08]} 46. Rxf6 Rd8 47. Rc6 Rd4 48. Rxc5 Rxe4 49. Rc7 a6 1/2-1/2

[Event "FRA-ch Youth U16 2018"]
[Site "Agen"]
[Date "2018.04.16"]
[Round "3"]
[White "Rozec, Mialy"]
[Black "Conti, Anne-Marie"]
[Result "0-1"]
[WhiteElo "1668"]
[BlackElo "1865"]
[Annotator "NA RC"]
[PlyCount "94"]
[EventDate "2018.??.??"]
[EventType "swiss"]
[EventCountry "FRA"]
[SourceTitle "playchess.com"]
[Source "ChessBase"]
[SourceQuality "1"]
[TimeControl "5400+30"]

1. d4 {[%emt 0:00:00]} Nf6 {[%emt 0:00:27]} 2. Nf3 {[%emt 0:00:00]} e6 {[%emt 0:00:12]} 3. c4 {[%emt 0:00:00]} c5 {[%emt 0:00:17]} 4. d5 {[%emt 0:00:31]} exd5 {[%emt 0:00:07]} 5. cxd5 {[%emt 0:00:10]} d6 {[%emt 0:00:04]} 6. Nc3 {[%emt 0:00:24]} g6 {[%emt 0:00:13]} 7. Nd2 {[%emt 0:00:28]} Nbd7 {[%emt 0:00:22]} 8. Nc4 {[%emt 0:03:23]} Nb6 {[%emt 0:00:16]} 9. e4 {[%emt 0:02:04]} Nxc4 {[%emt 0:04:20]} 10. Bxc4 {[%emt 0:00:43]} Bg7 $11 {[%emt 0:01:08] LiveBook: 3 Games} 11. O-O {[%emt 0:01:42]} O-O {[%emt 0:02:04]} 12. Bf4 {[%emt 0:08:58]} Nh5 {[%emt 0:00:50]} 13. Be3 {[%emt 0:02:54]} a6 {[%emt 0:02:23]} 14. a4 {[%emt 0:00:17]} Re8 {[%emt 0:01:32]} 15. Bd3 {[%emt 0:07:53]} Qh4 {[%emt 0:01:55]} 16. Qd2 {[%emt 0:04:49]} Be5 {[%emt 0:28:18]} 17. f4 {[%emt 0:18:54]} Bg7 {[%emt 0:00:53]} 18. f5 {[%emt 0:01:57]} Be5 {[%emt 0:05:14]} 19. h3 {[%emt 0:16:32]} Qg3 {[%emt 0:01:39]} 20. Ne2 {[%emt 0:10:04]} Qh2+ {[%emt 0:01:10]} 21. Kf2 {[%emt 0:00:08]} Bg3+ {[%emt 0:02:48]} 22. Kf3 {[%emt 0:04:56]} Bh4 {[%emt 0:04:25]} 23. Bf4 {[%emt 0:06:54]} Nxf4 {[%emt 0:00:19]} 24. Qxf4 {[%emt 0:00:08]} Qxf4+ {[%emt 0:00:32]} 25. Nxf4 {[%emt 0:01:15]} Bf6 {[%emt 0:00:36]} 26. Ra2 {[%emt 0:00:54]} gxf5 {[%emt 0:02:11]} 27. exf5 {[%emt 0:00:21]} Bd4 {[%emt 0:00:41]} 28. Kg3 {[%emt 0:02:40]} Bd7 {[%emt 0:02:01]} 29. b3 {[%emt 0:00:29]} Re5 {[%emt 0:02:16]} 30. Re2 {[%emt 0:02:42]} Rae8 {[%emt 0:02:26]} 31. Rfe1 {[%emt 0:00:15]} Bc3 {[%emt 0:02:50]} 32. Rxe5 {[%emt 0:00:09]} dxe5 {[%emt 0:02:57]} 33. Rf1 {[%emt 0:03:01]} exf4+ {[%emt 0:00:11]} 34. Kxf4 {[%emt 0:00:08]} Bd2+ {[%emt 0:00:13]} 35. Kg4 {[%emt 0:00:59]} Re3 {[%emt 0:00:50]} 36. Rf3 {[%emt 0:00:27]} Re5 {[%emt 0:00:11]} 37. Bc4 {[%emt 0:00:45]} b5 {[%emt 0:00:57]} 38. axb5 {[%emt 0:00:21]} axb5 {[%emt 0:00:04]} 39. Bf1 {[%emt 0:00:35]} Rxd5 {[%emt 0:00:47]} 40. Bd3 {[%emt 0:00:38]} Rd4+ {[%emt 0:00:49]} 41. Kg3 {[%emt 0:00:25]} Bc6 {[%emt 0:00:09]} 42. Be2 {[%emt 0:00:36]} Bxf3 {[%emt 0:00:24]} 43. Kxf3 {[%emt 0:00:25]} Rf4+ {[%emt 0:00:38]} 44. Kg3 {[%emt 0:00:11]} c4 {[%emt 0:00:12]} 45. bxc4 {[%emt 0:00:45]} bxc4 {[%emt 0:00:06]} 46. Kh2 {[%emt 0:00:27]} c3 {[%emt 0:00:28]} 47. Bd3 {[%emt 0:00:42]} Rb4 {[%emt 0:00:54]} 0-1